header

The eye and nutrition / (Record no. 146941)

MARC details
000 -LEADER
fixed length control field 01826nam a2200409 i 4500
001 - CONTROL NUMBER
control field ebr10806037
003 - CONTROL NUMBER IDENTIFIER
control field CaPaEBR
006 - FIXED-LENGTH DATA ELEMENTS--ADDITIONAL MATERIAL CHARACTERISTICS--GENERAL INFORMATION
fixed length control field m o d
007 - PHYSICAL DESCRIPTION FIXED FIELD--GENERAL INFORMATION
fixed length control field cr cn|||||||||
008 - FIXED-LENGTH DATA ELEMENTS--GENERAL INFORMATION
fixed length control field 100120t20102010njua ob 001 0 eng|d
020 ## - INTERNATIONAL STANDARD BOOK NUMBER
Cancelled/invalid ISBN 9781556429644 (pbk. : alk. paper)
International Standard Book Number 9781617116902 (e-book)
040 ## - CATALOGING SOURCE
Original cataloging agency CaPaEBR
Language of cataloging eng
Description conventions rda
-- pn
Transcribing agency CaPaEBR
041 1# - LANGUAGE CODE
Language code of text/sound track or separate title eng
Language code of original and/or intermediate translations of text ita
050 14 - LIBRARY OF CONGRESS CALL NUMBER
Classification number RE48
Item number .B8713 2010eb
082 04 - DEWEY DECIMAL CLASSIFICATION NUMBER
Classification number 641.5/63
Edition number 22
100 1# - MAIN ENTRY--PERSONAL NAME
Personal name Buratto, Lucio.
240 10 - UNIFORM TITLE
Uniform title <a href="Occhio e nutrizione.">Occhio e nutrizione.</a>
Language of a work English
245 14 - TITLE STATEMENT
Title The eye and nutrition /
Statement of responsibility, etc Lucio Buratto ; with invaluable assistance from Eugenio Del Toma [and five others] ; foreword by Umberto Veronesi.
264 #1 - PRODUCTION, PUBLICATION, DISTRIBUTION, MANUFACTURE, AND COPYRIGHT NOTICE
Place of production, publication, distribution, manufacture Thorofare, New Jersey :
Name of producer, publisher, distributor, manufacturer SLACK Inc.,
Date of production, publication, distribution, manufacture, or copyright notice [2010]
Date of production, publication, distribution, manufacture, or copyright notice �2010
300 ## - PHYSICAL DESCRIPTION
Extent 1 online resource (415 pages) :
Other physical details color illustrations
336 ## - CONTENT TYPE
Content type term text
Source rdacontent
337 ## - MEDIA TYPE
Media type term computer
Source rdamedia
338 ## - CARRIER TYPE
Carrier type term online resource
Source rdacarrier
504 ## - BIBLIOGRAPHY, ETC. NOTE
Bibliography, etc Includes bibliographical references and indexes.
505 0# - FORMATTED CONTENTS NOTE
Formatted contents note part I. Dietary prevention -- part II. Nutrition and eye disease -- part III. Good cheer -- part IV. Good food recipes.
588 ## - SOURCE OF DESCRIPTION NOTE
Source of description note Description based on print version record.
590 ## - LOCAL NOTE (RLIN)
Local note Electronic reproduction. Palo Alto, Calif. : ebrary, 2013. Available via World Wide Web. Access may be limited to ebrary affiliated libraries.
650 #0 - SUBJECT ADDED ENTRY--TOPICAL TERM
Topical term or geographic name as entry element Eye
General subdivision Diseases
-- Nutritional aspects.
Topical term or geographic name as entry element Cooking.
655 #0 - INDEX TERM--GENRE/FORM
Genre/form data or focus term Electronic books.
700 1# - ADDED ENTRY--PERSONAL NAME
Personal name Del Toma, Eugenio.
776 08 - ADDITIONAL PHYSICAL FORM ENTRY
Display text Print version:
Main entry heading Buratto, Lucio.
Title Eye and nutrition.
Place, publisher, and date of publication Thorofare, New Jersey : SLACK Inc., [2010]
Physical description 399 pages ; 25 cm
International Standard Book Number 9781556429644
Record control number (DLC)10806037
797 2# - LOCAL ADDED ENTRY--CORPORATE NAME (RLIN)
Corporate name or jurisdiction name as entry element ebrary.
856 40 - ELECTRONIC LOCATION AND ACCESS
Uniform Resource Identifier <a href="http://site.ebrary.com/lib/rucke/Doc?id=10806037">http://site.ebrary.com/lib/rucke/Doc?id=10806037</a>
Public note An electronic book accessible through the World Wide Web; click to view

No items available.

© 2026 Rongo University
Contact us: librarian | system librarian | Rongo university